African Languages in Google Translate - Statistics

General Stats
  • This quiz has been taken 114 times
  • The average score is 10 of 14
Answers on the Map
Answers color-coded by a green-red scale on the quiz's map according to % correct below.
 
Answer Stats
Native Speakers (M) Language % Correct
150 Swahili
91%
12 Zulu
88%
7.2 Afrikaans
84%
22 Amharic
83%
18.6 Somali
82%
25 Malagasy
76%
30 Igbo
75%
8.2 Xhosa
75%
50 Yoruba
75%
5.6 Sesotho
70%
80 Hausa
66%
9.8 Kinyarwanda
63%
8.3 Shona
44%
12 Chichewa
20%
No matching quizzes found
Score Distribution
Percent of People with Each Score
Percentile by Number Answered
Your Score History
You have not taken this quiz